000 00345 a2200157 4500
001 151543
040 _cEscola São Tomás de Aquino
100 _aGRISOLIA, Dulcy
240 1 0 _aA raposa e as uvas
_lpor
245 1 0 _aA raposa e as uvas
300 _a24
362 0 _a2001
440 1 _aFTD
697 _a*LITERATURA INFANTIL
942 _cBK
999 _c151543
_d151543